<?xml version="1.0" encoding="UTF-8"?>
<marc:record xmlns:marc="http://www.loc.gov/MARC21/slim">
   <marc:leader>00000nam a2200000 a 4500</marc:leader>
   <marc:datafield ind1="1" ind2=" " tag="100">
      <marc:subfield code="a">Vormann, Jürgen</marc:subfield>
   </marc:datafield>
   <marc:datafield ind1="1" ind2=" " tag="100">
      <marc:subfield code="a">Wiedemann, Karola</marc:subfield>
   </marc:datafield>
   <marc:datafield ind1="1" ind2=" " tag="100">
      <marc:subfield code="a">Lang, Coco</marc:subfield>
   </marc:datafield>
   <marc:datafield ind1=" " ind2=" " tag="653">
      <marc:subfield code="a">Kochbuch</marc:subfield>
   </marc:datafield>
   <marc:datafield ind1=" " ind2=" " tag="653">
      <marc:subfield code="a">Übersäuerung des Körpers</marc:subfield>
   </marc:datafield>
   <marc:datafield ind1=" " ind2=" " tag="653">
      <marc:subfield code="a">Übersäuerung Ernährung</marc:subfield>
   </marc:datafield>
   <marc:datafield ind1=" " ind2=" " tag="653">
      <marc:subfield code="a">Basische Ernährung Rezepte</marc:subfield>
   </marc:datafield>
   <marc:datafield ind1=" " ind2=" " tag="653">
      <marc:subfield code="a">Säure Basen Haushalt Symptome</marc:subfield>
   </marc:datafield>
   <marc:datafield ind1=" " ind2=" " tag="653">
      <marc:subfield code="a">Säure-Basen-Haushalt</marc:subfield>
   </marc:datafield>
   <marc:datafield ind1=" " ind2=" " tag="653">
      <marc:subfield code="a">Säuren und Basen</marc:subfield>
   </marc:datafield>
   <marc:datafield ind1=" " ind2=" " tag="653">
      <marc:subfield code="a">Säuren-Basen-Balance</marc:subfield>
   </marc:datafield>
   <marc:datafield ind1=" " ind2=" " tag="653">
      <marc:subfield code="a">Basenhaushalt ph-Wert</marc:subfield>
   </marc:datafield>
   <marc:datafield ind1=" " ind2=" " tag="653">
      <marc:subfield code="a">basische Ernährung Übersäuerung</marc:subfield>
   </marc:datafield>
   <marc:datafield ind1=" " ind2=" " tag="653">
      <marc:subfield code="a">GU</marc:subfield>
   </marc:datafield>
   <marc:datafield ind1="0" ind2="0" tag="245">
      <marc:subfield code="a">Säure-Basen-Kochbuch</marc:subfield>
   </marc:datafield>
   <marc:datafield ind1="0" ind2="0" tag="245">
      <marc:subfield code="b">jeden Tag basisch genießen ; [gesund essen]</marc:subfield>
   </marc:datafield>
   <marc:datafield ind1=" " ind2="1" tag="264">
      <marc:subfield code="a">München</marc:subfield>
      <marc:subfield code="b">Gräfe und Unzer</marc:subfield>
      <marc:subfield code="c">2015</marc:subfield>
   </marc:datafield>
   <marc:datafield ind1=" " ind2=" " tag="250">
      <marc:subfield code="a">1. Aufl.</marc:subfield>
   </marc:datafield>
   <marc:datafield ind1="1" ind2=" " tag="520">
      <marc:subfield code="a">Endlich wieder in Balance!&#xD;
Kennen Sie das? Sie fühlen sich in letzter Zeit müde und schlapp, sind nicht so leistungsfähig wie sonst und oft nervös. Zu allem Übel machen sich auch die Gelenke bemerkbar und die Muskeln sind verspannt. Was ist da los? Vielleicht deuten Ihre Symptome auf eine Übersäuerung des Körpers hin. Das bedeutet, dass Säure und Basen im Stoffwechsel aus dem Gleichgewicht sind. Säurebildende Zutaten wie Fleisch, Eier, Brot oder Pasta können diese Balance stören. Dann versucht der Körper, den Überschuss an Säure zu regulieren, und das kann zu Unwohlsein führen. Was hilft dagegen? Statt zu Pillen zu greifen, ist eine Umstellung auf basische Ernährung die nachhaltige und gesunde Lösung!&#xD;
Mehr Energie, mehr Wohlbefinden: Zum Glück sind viele Lebensmittel, die wir mögen, von sich aus basisch: Kartoffeln, Obst und Gemüse oder Pilze. Das Säure-Basen-Kochbuch aus der GU-Reihe Gesund Essen hilft uns, den Stoffwechsel wieder in Balance zu bringen –mit einfachen basischen Rezepten, die so konzipiert sind, dass wir uns beim Kochen und Genießen um das Säure-Basen-Verhältnis keine Gedanken machen müssen. Entwickelt hat sie Karola Wiedemann in Abstimmung mit Säure-Basen-Spezialist Professor Dr. Jürgen Vormann, der schon bei GU den Kompass Säure-Basen-Balance veröffentlicht hat. Die erfolgreiche Autorin Karola Wiedemann, die aus eigener Erfahrung weiß, wie gut man sich mit einem ausgeglichenen Säure-Basen-Haushalt fühlt, hat die Rezepte für das Säure-Basen-Kochbuch so alltagstauglich und ausgewogen gestaltet, dass wir mit jedem Gericht den Säure-Basen-Haushalt positiv unterstützen – und wieder fit werden.&#xD;
Das Erfolgsrezept gegen Übersäuerung des Körpers: Karola Wiedemann hat auf der Grundlage neuester wissenschaftlicher Erkenntnisse von Prof. Dr. Vormann die Zutaten für die basische Ernährung so ausgewogen kombiniert, dass wir nicht einmal auf Fleisch verzichten müssen. Und wir schwelgen in Gemüse, Kartoffeln, Fisch, Obst und sogar Kuchen – und tun dabei mühelos etwas für unsere innere Balance. Ob Frühstück, Snacks, Salate, Suppen, Hauptgerichte oder Desserts – das Säure-Basen-Kochbuch macht uns den Einstieg in die basische Ernährung lecker und leicht. Hier ein paar Beispiele:  Nektarinen-Basilikum-Salat  Bärlauchsuppe mit Petersiliensahne  Fenchel mit Haselnusskruste und Minzejoghurt  Chili con carne mit Tortillas  Kräuter-Dorade mit Senf-Kapern-Creme  Preiselbeer-Krokant-Becher mit Schokolade  Kartoffel-Butterkuchen mit Apfel-Bananen-Kompott&#xD;
Auf dem neuesten Stand der Wissenschaft: Um etwas gegen die Übersäuerung des Körpers zu tun, brauchen wir nicht nur die richtigen basischen Rezepte, sondern auch kompetente Tipps und Hintergrundinfos. Kompakt und mit Hilfe leicht verständlicher Infografiken bringt uns Prof. Dr. Jürgen Vormann auf den neuesten Stand: Welche Lebensmittel sind sauer, welche basisch? Welche Getränke wirken sich im Körper basisch oder sauer aus? Wie sieht die ideale Ernährung aus, um ins Gleichgewicht zu kommen? Das Säure-Basen-Kochbuch macht uns den Einstieg in die ausgewogene Ernährung leicht – alltagsnah und praktisch! &#xD;
Säure-Basen-Kochbuch aus der Reihe GU-Gesund essen auf einen Blick:  Der GU-Erfolgstitel für mehr Wohlbefinden in neuer, aktueller   Aufmachung: mit Rezepten, die auch für Kochanfänger geeignet sind!  Von Professor Dr. Jürgen Vormann, dem Säure-Basen-Experten Nr.   1.  Perfekt in Balance: Alle Rezepte sind basisch und tragen jeden Tag   zu einem gesunden Säure-Basen-Haushalt des Körpers bei.  Absolut alltagstauglich: Man muss auf Fleisch nicht verzichten und   findet Rezepte für jeden Tag, vom Frühstück über Suppen, Salate, Snacks,   Hauptspeisen mit Fleisch und Fisch, vegetarischen Hauptspeisen bis zu Desserts   und Kuchen.  Auf dem neuesten Stand der Wissenschaft: Alles, was wir über   basische Ernährung heute wissen möchten, kompakt und mit Infografiken leicht   verständlich erklärt.</marc:subfield>
   </marc:datafield>
   <marc:datafield ind1=" " ind2=" " tag="020">
      <marc:subfield code="a">9783833844287</marc:subfield>
      <marc:subfield code="9">9783833844287</marc:subfield>
   </marc:datafield>
   <marc:datafield ind1=" " ind2=" " tag="020">
      <marc:subfield code="a">3833844280</marc:subfield>
      <marc:subfield code="9">3833844280</marc:subfield>
   </marc:datafield>
   <marc:datafield ind1=" " ind2=" " tag="041">
      <marc:subfield code="a">ger</marc:subfield>
   </marc:datafield>
   <marc:datafield ind1=" " ind2=" " tag="300">
      <marc:subfield code="b">zahlr. Ill.</marc:subfield>
   </marc:datafield>
   <marc:datafield ind1=" " ind2=" " tag="338">
      <marc:subfield code="a">Band</marc:subfield>
   </marc:datafield>
   <marc:datafield ind1=" " ind2=" " tag="300">
      <marc:subfield code="a">160 S.</marc:subfield>
   </marc:datafield>
</marc:record>
